Abweichendes Verhalten und Gesellschaftsstruktur

"Abweichendes Verhalten" ist in kurzer Zeit ein Grundbegriff der soziologischen Forschung geworden. Gemeint ist ein Verhalten, das mit den Handlungsnormen, die das soziale System seinen Rollenträgern auferlegt, nicht übereinstimmt. Eine der wichtigsten, aber nicht die einzige Form abweiche...

Full description

Saved in:  
Bibliographic Details
Main Author: Opp, Karl-Dieter 1937- (Author)
Corporate Author: Hermann-Luchterhand-Verlag. Verlag
Format: Print Book
Language:German
Published: Darmstadt Neuwied Luchterhand [1974]
In: Soziologische Texte (Band 101)
Year: 1974
Online Access: Table of Contents
Availability in Tübingen:Present in Tübingen.
IFK: A II 205
Check availability: HBZ Gateway
Subito Delivery Service: Order now.
Keywords:

MARC

LEADER 00000cam a2200000 c 4500
001 020231334
003 DE-627
005 20260206204017.0
007 tu
008 920101s1974 gw ||||| 00| ||ger c
015 |a 75,A01,0193  |2 dnb 
016 7 |a 750004649  |2 DE-101 
020 |a 3472726016  |c Broschur : DM 34.00  |9 3-472-72601-6 
035 |a (DE-627)020231334 
035 |a (DE-603)034807454 
035 |a (DE-576)004384784 
035 |a (DE-599)GBV020231334 
035 |a (OCoLC)1655454 
035 |a (OCoLC)611554822 
035 |a (OCoLC)01655454 
035 |a (DE-604)8056013922 
040 |a DE-627  |b ger  |c DE-627  |e rda 
041 |a ger 
044 |c XA-DE 
050 0 |a HM291 
082 0 |a 301.08  |q OCLC 
084 |a S 220  |2 sfb 
084 |a S 250  |2 sfb 
084 |a 05b  |2 sdnb 
084 |a 1  |2 ssgn 
084 |a MR 5700  |2 rvk  |0 (DE-625)rvk/123522: 
084 |a PH 8300  |2 rvk  |0 (DE-625)rvk/136497: 
100 1 |a Opp, Karl-Dieter  |d 1937-  |e VerfasserIn  |0 (DE-588)121168417  |0 (DE-627)081130120  |0 (DE-576)162442297  |4 aut 
109 |a Opp, Karl-Dieter 1937-  |a Opp, Karl D. 1937-  |a Opp, Karl Dieter 1937-  |a Opp-Schmidt, ... 1937- 
245 1 0 |a Abweichendes Verhalten und Gesellschaftsstruktur  |c Karl-Dieter Opp 
264 1 |a Darmstadt  |a Neuwied  |b Luchterhand  |c [1974] 
264 4 |c © 1974 
300 |a 302 Seiten  |b Diagramme  |c 21 cm 
336 |a Text  |b txt  |2 rdacontent 
337 |a ohne Hilfsmittel zu benutzen  |b n  |2 rdamedia 
338 |a Band  |b nc  |2 rdacarrier 
490 1 |a Soziologische Texte  |v Band 101 
500 |a Völlig umgearb. u. erw. Fass. d. Schrift: Kriminalität und Gesellschaftsstruktur, 1968 
520 |a "Abweichendes Verhalten" ist in kurzer Zeit ein Grundbegriff der soziologischen Forschung geworden. Gemeint ist ein Verhalten, das mit den Handlungsnormen, die das soziale System seinen Rollenträgern auferlegt, nicht übereinstimmt. Eine der wichtigsten, aber nicht die einzige Form abweichenden Verhaltens in der Gesellschaft ist die Kriminalität. Inzwischen gibt es eine ausgedehnte Literatur über Art, Entstehung und Rückwirkungen von abweichendem Verhalten. In dieser Arbeit hat der Autor die wichtigsten Theorein zunächst einmal dargestellt, damit auch dem Nicht-Spezialisten der Zugang zu einer kritischen Beurteilung möglich gemacht wird. Prof. Opp entwickelt dazu die notwendigen Kriterien und Grundthesen und zeigt die methodischen und Probleme. Sodann werden die verschiedenen soziologischen und lerntheoretischen Erklärungsversuche analysiert und die Ansätze für weiterführende Forschungen mit Schärfe formuliert. 
583 1 |a Massenentsäuert  |c 2015  |k DE-18  |2 pdager  |5 DE-18-308 
583 1 |a Archivierung/Langzeitarchivierung gewährleistet  |f SSG  |x XA-DE-BW  |2 pdager  |5 DE-21 
583 1 |a Archivierung/Langzeitarchivierung gewährleistet  |f PEHE  |2 pdager  |5 DE-17 
650 0 |a Deviant Behavior 
650 0 |a Sociology  |x Methodology 
650 0 |a Crime and criminals 
650 0 7 |0 (DE-588)4000320-6  |0 (DE-627)106401556  |0 (DE-576)208837620  |a Abweichendes Verhalten  |2 gnd 
650 0 7 |0 (DE-588)4055898-8  |0 (DE-627)106156489  |0 (DE-576)209115831  |a Sozialstruktur  |2 gnd 
650 4 |a Abweichendes Verhalten 
650 4 |a deviant behaviour 
650 4 |a Soziale Kontrolle 
650 4 |a Kriminalität 
650 4 |a Soziale Norm 
650 4 |a Norm, Soziale 
650 4 |a Sozialstruktur 
689 0 0 |d s  |0 (DE-588)4000320-6  |0 (DE-627)106401556  |0 (DE-576)208837620  |a Abweichendes Verhalten  |2 gnd 
689 0 |5 (DE-627) 
689 1 0 |d s  |0 (DE-588)4000320-6  |0 (DE-627)106401556  |0 (DE-576)208837620  |a Abweichendes Verhalten  |2 gnd 
689 1 1 |d s  |0 (DE-588)4055898-8  |0 (DE-627)106156489  |0 (DE-576)209115831  |a Sozialstruktur  |2 gnd 
689 1 |5 (DE-627) 
710 2 |a Hermann-Luchterhand-Verlag  |e Verlag  |0 (DE-588)25344-3  |0 (DE-627)100653456  |0 (DE-576)190290641  |4 pbl 
830 0 |a Soziologische Texte  |v Band 101  |9 101.1974  |w (DE-627)130097837  |w (DE-576)015630439  |w (DE-600)501466-9  |x 0584-6072  |7 am 
856 4 2 |u http://d-nb.info/750004649/04  |m B:DE-101  |q pdf/application  |v 20161126003402  |x Verlag  |3 Inhaltsverzeichnis  |7 1 
856 4 2 |u http://scans.hebis.de/HEBCGI/show.pl?03480745_toc.pdf  |m V:DE-605  |q application/pdf  |3 Inhaltsverzeichnis  |7 1 
935 |a mteo 
935 |i Blocktest 
935 |h HEB  |i 0501 
935 |h HEB  |i 0503 
936 r v |a MR 5700  |b Theorien des abweichenden Verhaltens  |k Soziologie  |k Sozialwissenschaftliche Theorien und Methoden  |k Jüngere soziologische Theorie  |k Theorien des abweichenden Verhaltens  |0 (DE-627)1271428180  |0 (DE-625)rvk/123522:  |0 (DE-576)201428180 
936 r v |a PH 8300  |b Kriminalbiologie; Kriminalanthropologie; Kriminalethologie; Kriminalpsychologie; Kriminalsoziologie, Abweichendes Verhalten/Soziologie; Labeling approach; Radikale Kriminologie, Kritische Kriminologie  |k Rechtswissenschaft  |k Strafrecht, Strafverfahrensrecht, Kriminologie  |k Kriminologie  |k Kriminalitätstheorien  |k Kriminalbiologie; Kriminalanthropologie; Kriminalethologie; Kriminalpsychologie; Kriminalsoziologie, Abweichendes Verhalten/Soziologie; Labeling approach; Radikale Kriminologie, Kritische Kriminologie  |0 (DE-627)1271739763  |0 (DE-625)rvk/136497:  |0 (DE-576)201739763 
936 s n |a m200  |2 mzub 
936 s n |a p100  |2 mzub 
951 |a BO 
ELC |b 1 
LOK |0 000 xxxxxcx a22 zn 4500 
LOK |0 001 3090191806 
LOK |0 003 DE-627 
LOK |0 004 020231334 
LOK |0 005 20020607000000 
LOK |0 008 920820||||||||||||||||ger||||||| 
LOK |0 040   |a DE-21-110  |c DE-627  |d DE-21-110 
LOK |0 852   |a DE-21-110 
LOK |0 852 1  |c A II 205  |m p  |9 00 
LOK |0 935   |a k110 
LOK |0 936ln  |a 1.6 
LOK |0 938   |k p 
LOK |0 939   |a 20-08-92  |b l01 
ORI |a SA-MARC-krimdoka001.raw 
SIG |a IFK: A II 205